| 000 | 00419nam a2200133 4500 | ||
|---|---|---|---|
| 008 | 151009b xxu||||| |||| 00| 0 eng d | ||
| 050 | _aSPE PS 3557 .L4745 1992 | ||
| 100 |
_aFollett, Ken. _d1992 |
||
| 245 |
_aNight over water: _cKen Follett. |
||
| 260 |
_aUSA: _bReaders digest book, _c1992. |
||
| 300 | _a574 p. | ||
| 650 | _aEnglish fiction. | ||
| 942 |
_2lcc _cSH_L_BOOKS _hSPE PS 3557 .L4745 1992 |
||
| 999 |
_c8062 _d8062 |
||